| 000 | 01121nam a2200337 a 4500 | ||
|---|---|---|---|
| 001 | 21766 | ||
| 003 | VRT | ||
| 005 | 20260309141538.0 | ||
| 008 | 011122s2001 xo a 000 1 slo c | ||
| 020 | _a8071466107 (viaz.) | ||
| 035 | _aUKB000297420 | ||
| 040 |
_aBAA001 _bslo _cBAA001 _eAACR2 |
||
| 041 | 1 |
_aslo _hger |
|
| 044 |
_axo _cSK |
||
| 080 | _a830(494)-93-31 | ||
| 100 | 1 | _aSpyri, Johanna | |
| 245 | 0 | 0 |
_aHeidi _bživot na Poľane _c[podľa románu Johanny Spyri ; text a ilustrácie Marie-José Maury ; preklad Mária Čierna, Viera Gründlerová] |
| 260 |
_aBratislava _bJunior _c[2001] |
||
| 300 | _a100 s | ||
| 650 | 0 | 7 |
_aliteratúra švajčiarska _xpróza pre deti a mládež |
| 650 | 0 | 7 | _apróza pre deti a mládež švajčiarska |
| 653 | _a830(494)-93-31 | ||
| 700 | 1 |
_aMaury, Marie-José _4aut _4ill |
|
| 700 | 1 |
_aČierna, Mária _4trl |
|
| 700 | 1 |
_aGründlerová, Viera _4trl |
|
| 765 | 0 |
_tHeidi _aSpyri, Johanna _aMaury, Marie-José |
|
| 910 | _aukb | ||
| 942 |
_2ddc _cKLDE _n0 |
||
| 949 |
_61800160752 _aSK.B.05629 _bPV.6788-2001 _s6707:20060719 |
||
| 949 |
_61800160751 _aSL.B.20472 _bPV.6787-2001 |
||
| 999 |
_c21766 _d21766 |
||